000 00631nam a2200193 a 4500
001 000024402
005 20240604194808.0
008 110127s1972 dr 000 0 spa d
040 _aDO-SdBNP
_bspa
_cBNPHU
082 _a300
_bC569
245 0 0 _aCiencias sociales.
260 _aSanto Domingo :
_bUniversidad Autónoma de Santo Domingo,
_bDepartamento de sociología de la universidad Autónoma de Santo Domingo,
_c1972.
300 _a319 p. ;
_c23 cm.
490 1 _aColegio
590 _aInventariado, 2018/VM
500 _aIncluye notas al pie de las páginas
650 0 _aCiencias sociales
_91065
830 0 _aColegio
_943263
999 _c23895
_d23895